Jazvečík všetko, čo potrebujete vedieť o jazvečíkovi: držanie, chov, výcvik, vystavovanie, poľovačka, starostlivosť o zdravie

Bibliographic Details
Main Author: Ransleben, Wolfgang (Author)
Other Authors: Činčura, Juraj, 1950- (Translator)
Format: Book
Language:Slovak
PhysicalDescription:100 s. fareb. fotogr. a ilustr. 22 cm
Published: Bratislava Timy 1999
ISBN:8088799767
Subjects:

MARC

LEADER 00000nam a2200000 a 4500
001 vtls001379062
003 SK-MaSNL
005 20260301071126.0
008 240313s1999 xo a rc slo
015 |a SNBA2000/02-00476 
020 |a 8088799767 
035 |a SNK000333031 
035 |a urn:nbn:sk:snk-amkkfw 
035 |a urn:nbn:sk:snk-am003v4l 
035 |a 7584D46C-47D3-4AD4-8A67-45C0C3AA8051 
040 |a SNK  |b slo  |c SNK  |e AACR2 
041 0 |a slo 
044 |a xo  |c SK 
080 |a 636.7.08(035)  |2 1981 
100 1 |a Ransleben, Wolfgang  |4 aut  |9 388427 
240 1 0 |a Teckel Dackel Dachshund  |l Slovensky 
245 1 0 |a Jazvečík  |b všetko, čo potrebujete vedieť o jazvečíkovi: držanie, chov, výcvik, vystavovanie, poľovačka, starostlivosť o zdravie  |c Wolfgang Ransleben ; [z nemckého originálu preložil Juraj Činčura] 
260 |a Bratislava  |b Timy  |c 1999 
300 |a 100 s.  |b fareb. fotogr. a ilustr.  |c 22 cm 
500 |a Rozlož. fotogr. na tit. strane. Ilustr. na preddkach 
500 |a Údaj o prekl. prevzatý z rubu tit. strany 
650 0 7 |a jazvečíky  |2 SNKPH  |9 209891 
650 0 7 |a plemená psov  |2 SNKPH  |9 73412 
655 7 |a príručky  |2 SNK  |9 74364 
700 1 |a Činčura, Juraj,  |d 1950-  |4 trl  |9 93634 
919 |a 80-88799-76-7 
958 |a TL 
958 |a OP 
958 |a NS 
958 |a DE 
968 |b DT 
999 |c 636689  |d 638619 
952 |t P60, <09>, [BOOK], {629}  |a SNK  |b SNK  |y NEVYP  |7 0  |o snkC 792  |i snk1448/1999  |0 0  |1 0  |4 0  |d 1999-12-10  |l 0  |r 2005-01-02 00:00:00  |w 2026-02-23 
952 |t P60, <03>, [BOOK], {603}  |a SNK  |b SNK  |y PREZ  |7 0  |p 17A0222147  |o snkSC 100336  |i snkKSP 12235/99  |0 0  |1 0  |4 0  |d 1999-12-10  |f 1  |l 0  |r 2025-09-19 00:00:00  |w 2026-02-23 
952 |t P60, <04>, [BOOK], {604}  |a SNK  |b SNK  |y VYP  |7 0  |p 17A0222148  |o snkSC 100336 D1  |i snkKSP 12236/99  |0 0  |1 0  |4 0  |d 1999-12-10  |l 0  |r 2005-01-02 00:00:00  |w 2026-02-23 
952 |t snkJAZ 636.7  |a SNKUST  |b SNKUST  |y PREZ  |7 0  |p 17A0570404  |o snkSC 100336 D2  |i snk2008/14073  |8 3  |g 5.28  |0 0  |1 0  |4 0  |d 2008-07-11  |l 0  |r 2025-03-21 00:00:00  |w 2026-02-23